000
00304nam a2200121Ia 4500
008
190216s9999||||xx |||||||||||||| ||und||
100
_a
Delbert A Snider
245
0
_a
Introduction To International Economics
260
_b
Surjeet Pubs.Delhi
_c
1987
300
_a
454p
650
_a
Economics
942
_c
BK
999
_c
10234
_d
10234